1876 1156 1736 1715 1642 1892 1921 1456 1639 1926 1913 1911 1999 1623 1618 1078 1942 1396 1839 1332 1683 1831 1161 1862 1714 1365 1648 1688 1533 1292 1991 1644 1606 1609 1150 1926 1166 1436 1043 1128 1084 1382 1769 1378 1381 1453 1041 1303 1136 1091 1855 1118 1774 1349 1853 1573 1971 1670 1025 1041 1718 1779 1591 1405 1995 1013 1514 1870 1687 1104 1696 1477 1633 1406 1194 1065 1943 1671 1926 1261 1573 1770 1406 1375 1858 1634 1156 1220 1258 1447 1074 1365 1356 1551 1112 1202 1086 1774 1612 BCNSPRNW ULIB Ver.6.0+V

เปลี่ยนเป็นภาษาไทย

Change to English
 แสดงรายละเอียดบรรณานุกรม
  กลับหน้าหลัก

Brief Record : Get Marc (ISO 2709) : E-mail record : QR code < ปิดหน้าต่าง
LEADER : 00000nam 2200000uu 4500
001    13399123341
003     ULIB
008    140825s2547||||th 000 0 tha d
099    วจ WM270^bป444ร
100 0  ปราชญ์ บุณยวงศ์วิโรจน์ และคนอื่นๆ
245 00 การศึกษาปัจจัยทางจิตสังคมและจิตลักษณะกับพฤติกรรมการใช้สารเสพติดของนักเรียนอาชีวศึกษา จังหวัดอุดรธานี/^cปราชญ์ บุณยวงศ์วิโรจน์ และคนอื่นๆ
260    นนทบุรี :^bกรมสุขภาพจิต กระทรวงสาธารณสุข,^c2547
300    165 หน้า
650  0 ปัจจัยทางจิตสังคม
650  0 จิตลักษณะ
650  0 พฤติกรรมการใช้สารเสพติด
945    ^p0^l0^i023542
999    ^aเกษร โพธิ์สุวรรณ
รายการนี้ยังไม่มีแท็ก
คุณยังไม่ได้ล็อกอิน คุณสามารถมีกิจกรรมร่วมกับเว็บไซต์ได้ แต่ต้องล็อกอินก่อน ::
  ล็อกอิน

รายการสื่อสารสนเทศ

ลำดับที่ ประเภท เลขเรียก/บาร์โค้ด สถานที่ สถานะ
1. งานวิจัย
งานวิจัย
วจ WM270 ป444ร ฉ.1 
  Barcode: 023542
ห้องสมุดวิทยาเขตสวรรค์ประชารักษ์
►วิจัย
บนชั้น

รายการใกล้เคียง
    หัวเรื่อง [จิตลักษณะ]

BibComment


ยังไม่เคยถูกคอมเมนท์

คอมเมนท์ทรัพยากรรายการนี้
  คอมเมนท์: การศึกษาปัจจัยทาง..


 Copyright 2026. Bcnsprnw @Library